Calculus : one and several variables, with analytic geometry /
Guardado en:
| Autor Principal: | |
|---|---|
| Otros Autores: | , |
| Formato: | Libro |
| Idioma: | English |
| Publicado: |
New York :
Wiley,
c1986.
|
| Edición: | 5th ed. |
| Materias: | |
| Etiquetas: |
Agregar Etiqueta
Sin Etiquetas, Sea el primero en etiquetar este registro!
|
| LEADER | 00829cam a2200241 a 4500 | ||
|---|---|---|---|
| 001 | MAT.inmabb004325 | ||
| 008 | 851202s1986####nyua##########001#0#eng## | ||
| 005 | 20130219151828.0 | ||
| 245 | 1 | 0 | |a Calculus : |b one and several variables, with analytic geometry / |c S. L. Salas, Einar Hille, John T. Anderson. |
| 250 | |a 5th ed. | ||
| 260 | |a New York : |b Wiley, |c c1986. | ||
| 300 | |a 2 v. : |b il. (algunas col) ; |c 25 cm. | ||
| 500 | |a La biblioteca sólo posee la parte 2. |5 AR-BbIMB | ||
| 020 | |a 0471831034 (pt. 1) | ||
| 020 | |z 0471831042 (pt. 2) | ||
| 100 | 1 | |a Salas, Saturnino L. | |
| 700 | 1 | |a Hille, Einar, |d 1894-1980. | |
| 700 | 1 | |a Anderson, John T. |q (John Timothy), |d 1942- | |
| 650 | 0 | |a Calculus. | |
| 084 | |a 26-01 |2 msc2000 | ||
| 010 | |a 85029518 | ||
| 040 | |a DLC |c DLC |d DLC | ||
| 859 | |h 26 |i Sa161 |p A-6387 |v 2 |3 Part 2 |b BIB. MATEMATICA | ||
